000
00298nam a2200121Ia 4500
008
190216s9999||||xx |||||||||||||| ||und||
100
_a
"Mathachan. M, Lazarus. Vt, Joseph. Pa"
245
0
_a
Pre Degree Practical Physics
260
_b
Bpb Pub
300
_a
205p
650
_a
Physics
942
_c
BK
999
_c
32815
_d
32815